| 000 | 00971nam a2200289 i 4500 | ||
|---|---|---|---|
| 001 | 147105 | ||
| 003 | ES-MaACL | ||
| 005 | 20250804164614.0 | ||
| 007 | t| | ||
| 008 | 070921s1986 sp a |||| |dspa d | ||
| 020 | _a84-239-6529-5 | ||
| 080 | _a329.11(460)"19" | ||
| 080 | _a929 Maura y Montaner, Antonio | ||
| 080 | _a946.0"1902/31" | ||
| 100 | 1 |
_aTusell, Javier. _9111767 |
|
| 245 | 1 | 3 |
_aLa derecha española contemporánea _bsus orígenes : el maurismo / _cJavier Tusell, Juan Avilés. |
| 260 |
_aMadrid : _bEspasa-Calpe, _c1986. |
||
| 300 |
_a376 p. : _bil. ; _c23 cm. |
||
| 490 | 1 |
_aEspasa universidad ; _v2 |
|
| 600 | 1 | 4 |
_aMaura y Montaner, Antonio, _d1853-1925 _979224 |
| 650 | 4 |
_aConservadurismo- _zEspaña- _yS.XX. _911287 |
|
| 651 | 4 |
_aEspaña- _xHistoria- _y1902-1931, Alfonso XIII _98276 |
|
| 700 | 1 |
_aAvilés Farré, Juan, _d1950-2023 _924073 |
|
| 830 | 0 |
_aEspasa universidad ; _v2 _9177376 |
|
| 852 |
_aES-MaACL _jL-10819 |
||
| 999 |
_c147105 _d147105 |
||